Normal view
MARC view
- Asst. Prof. Dr. Adeel Jamil.
Entry Personal Name
001 - CONTROL NUMBER
- control field: 28915
003 - CONTROL NUMBER IDENTIFIER
- control field: NUST
005 - DATE AND TIME OF LATEST TRANSACTION
- control field: 20200310173605.0
008 - FIXED-LENGTH DATA ELEMENTS
- fixed length control field: 200310|| aca||aabn | a|a d
040 ## - CATALOGING SOURCE
- Original cataloging agency: NUST
- Transcribing agency: NUST
100 ## - HEADING--PERSONAL NAME
- Personal name: Asst. Prof. Dr. Adeel Jamil.
670 ## - SOURCE DATA FOUND
- Source citation: Work cat.: (NUST): Maaz, Gussan Mufti 28914, Design and Analysis of Linear Quadratic Optimal and Proportional Resonant Controllers for a Single Phase Two Level Pulse Width Modulated Grid Connected Inverters /, 2015.
